Nordic Darts Masters - Statistiken

Allgemein
  • Dieses Quiz wurde 174 mal gespielt
    32 seit der letzten Aktualisierung
  • Das Durchschnittsergebnis liegt bei 5 aus 5
Antwortstatistiken
Jahr Nationalität Spieler % Korrekt
2024 Wales Gerwyn Price
100%
2021 Niederlande Michael van Gerwen
100%
2023 Schottland Peter Wright
100%
2022 Belgien Dimitri Van den Bergh
96%
2025 England Stephen Bunting
78%
Keine übereinstimmenden Quizze gefunden
Verteilung der Resultate
Anzahl Personen mit jedem Resultat
Perzentil nach korrekt beantworteten Fragen
Ihre Resultats-Entwicklung
Sie haben dieses Quiz seit der letzten Aktualisierung nicht gespielt